Some aspects of change in agrarian structure. (Record no. 32524)

MARC details
000 -LEADER
fixed length control field 00379nam a2200133Ia 4500
082 ## - DEWEY DECIMAL CLASSIFICATION NUMBER
Classification number 332.021.8:63
Item number MIS
100 ## - MAIN ENTRY--AUTHOR NAME
Personal name MISHRA, G P
245 #0 - TITLE STATEMENT
Title Some aspects of change in agrarian structure.
260 ## - PUBLICATION, DISTRIBUTION, ETC. (IMPRINT)
Place of publication New Delhi
Name of publisher Sterling
Year of publication 1977
490 ## - SERIES STATEMENT
Series statement ISEC Monographs; 4. Ed by VKRV Rao
650 ## - SUBJECT ADDED ENTRY--TOPICAL TERM
Topical Term Agrarian structure
942 ## - ADDED ENTRY ELEMENTS (KOHA)
Koha item type Books
Holdings
Withdrawn status Lost status Damaged status Not for loan Home library Current library Date acquired Full call number Accession Number Koha item type
        RRII Library RRII Library 16/12/2021 332.021.8:63 MIS 13041 Books